000 00371nam a22001697a 4500
005 20160616123436.0
008 160616b xxu||||| |||| 00| 0 eng d
020 _a0-07-0477356-0
041 _aeng
082 _b7978
100 _aMartatia, Akhil
_92107
245 _aWin for life
260 _bTMH
_c2003
300 _a439
650 _aManagement
_9241
942 _cBK
999 _c2947
_d2946